ජලනල කාර්මික අත්පොත : කර්මාන්තකරුවන් පුහුණු කිරිම /
jala nala karmika ath potha
Saved in:
| Format: | Book |
|---|---|
| Published: |
කොළඹ :
ඉදිකිරීම් අභ්යාස සහ සංවර්ධන ආයතනය,
[?].
|
| Tags: |
Add Tag
No Tags, Be the first to tag this record!
|
MARC
| LEADER | 00000nam a22000007a 4500 | ||
|---|---|---|---|
| 003 | LK-CoNLD | ||
| 005 | 20260317105736.0 | ||
| 008 | 260317b |||||||| |||| 00| 0 ||| d | ||
| 015 | |2 slnb | ||
| 017 | |a 261697 |b LK-CoDNA | ||
| 040 | |a LK-CoNLD |b SIN |c LK-CoNLD |d LK-CoNLD | ||
| 082 | |2 23 |q LK-CoNLD | ||
| 245 | |6 880-1 |a ජලනල කාර්මික අත්පොත : |b කර්මාන්තකරුවන් පුහුණු කිරිම / | ||
| 260 | |a කොළඹ : |b ඉදිකිරීම් අභ්යාස සහ සංවර්ධන ආයතනය, |c [?]. | ||
| 300 | |a පි. 134 ; |c සෙමි. 28. |b මැබැ-බෝක : රු.348.40 | ||
| 500 | |a මිල තීරණය කීරිමේ මාර්ගෝපදේශයට අනුව සකසන ලද මිල රු. 348.40 වේ. | ||
| 880 | |6 245-1 |a jala nala karmika ath potha | ||
| 942 | |c BOOK | ||
| 999 | |c 298144 |d 298144 | ||
| 945 | |a 21990 |b Sachini DHANANJANI |c 21990 |d Sachini DHANANJANI | ||